000 00390nam a2200145Ia 4500
008 220214s9999 xx 000 0 und d
022 _a0014-8008
245 0 _aFarm Journal
260 _bFarm Journal Inc
_aWashington
310 _aM
500 _aEnding Volume & Year: 106, 1982
500 _aMissing Volume: 103(1-7);105(14)
500 _aStarting Volume & Year: 103, 1979
942 _cBJ
999 _c8078
_d8078